000 00552nam a22001577a 4500
003 OSt
005 20150930155008.0
008 150930b xxu||||| |||| 00| 0 eng d
040 _cRUA
082 _aAVM POL 1994 B067 Or.1
100 _91622
_aPOL REAKHETA
245 _aThe management of industrial pig production, (ការគ្រប់គ្រងការចិញ្ចឹមជ្រូកក្នុងកំរិតឧស្សាហកម្ម)
260 _aPhnom penh
_bRUA
_c1994
300 _a57p.
_bill.
_c29cm.
942 _2ddc
_cAVM
999 _c1531
_d1531